Фарфорово-фаянсовая промышленность (Запись № 4641497)

Подробности
000 -МАРКЕР
контрольное поле 11569nas1a22007931i 4500
001 - ИДЕНТИФИКАТОР ЗАПИСИ
контрольное поле RU\NLR\INFOCOMM21\5000044224
005 - ИДЕНТИФИКАТОР ВЕРСИИ
контрольное поле 20240723110959.0
011 ## - МЕЖДУНАРОДНЫЙ СТАНДАРТНЫЙ НОМЕР СЕРИАЛЬНОГО ИЗДАНИЯ (ISSN)
Номер (ISSN) 0207-3857
035 ## - ДРУГИЕ СИСТЕМНЫЕ НОМЕРА
Идентификатор записи (NLR Aleph) 002394782
100 ## - ДАННЫЕ ОБЩЕЙ ОБРАБОТКИ
Данные общей обработки 20050120c1977 |||y0rusy50 ca
101 0# - ЯЗЫК РЕСУРСА
Язык текста, звукозаписи и т.д. русский
102 ## - СТРАНА ПУБЛИКАЦИИ ИЛИ ПРОИЗВОДСТВА
Страна публикации Российская Федерация
110 ## - ПОЛЕ КОДИРОВАННЫХ ДАННЫХ: ПРОДОЛЖАЮЩИЕСЯ РЕСУРСЫ
Кодированные данные продолжающегося ресурса ayuzz 0|y|
200 1# - ЗАГЛАВИЕ И СВЕДЕНИЯ ОБ ОТВЕТСТВЕННОСТИ
Основное заглавие Фарфорово-фаянсовая промышленность
Сведения, относящиеся к заглавию Обзорная информ.
Первые сведения об ответственности ЦНИИ информ. и техн. экон. исслед. лег. пром-сти
210 ## - ПУБЛИКАЦИЯ, РАСПРОСТРАНЕНИЕ И ДР.
Место издания, распространения и т.д. М.
Дата издания, распространения и т.д. 1977-
300 ## - ОБЩИЕ ПРИМЕЧАНИЯ
Текст примечания В надзаг. также: М-во лег. пром-сти СССР
430 #0 - ПРОДОЛЖЕН
Встроенное поле 2001#$aПроизводство посуды из фарфора, фаянса и майолики
Заглавие Производство посуды из фарфора, фаянса и майолики
430 #0 - ПРОДОЛЖЕН
Встроенное поле 2001#$aПроизводство фарфоровой и фаянсовой посуды
Заглавие Производство фарфоровой и фаянсовой посуды
430 #0 - ПРОДОЛЖЕН
Встроенное поле 2001#$aОбзоры по основным направлениям развития отрасли$iСерия "Производство фарфоровой и фаянсовой посуды"
Заглавие Обзоры по основным направлениям развития отрасли
801 #1 - ИСТОЧНИК ЗАПИСИ
Страна Российская Федерация
Организация InfoComm
Дата составления 20050120
801 #0 - ИСТОЧНИК ЗАПИСИ
Страна Российская Федерация
Организация NLR
Правила каталогизации PSBO
852 ## - МЕСТОНАХОЖДЕНИЕ И ШИФР ХРАНЕНИЯ
Идентификатор организации NLR
Шифр хранения (Call Number) П10/5407
942 ## - ДОПОЛНИТЕЛЬНЫЕ ЭЛЕМЕНТЫ ЗАПИСИ (АБИС)
Тип экземпляра АБИС Журнал
980 ## - КОЛЛЕКЦИЯ
Название коллекции Русская периодика

Нет доступных экземпляров.